000 00881nam a2200241 i 4500
001 40988
003 ES-MaACL
005 20251012184445.0
007 t|
008 030307q1918 sp ||||1| spa d
100 0 _aCarlyle, Thomas,
_d1795-1881
_935316
245 1 0 _aEpistolario entre Carlyle y Emerson /
_cThomas Carlyle ; traducción por Luis de Terán.
260 _aMadrid :
_bLa España Moderna,
_c[1918] (
_fImp. Tordesillas)
300 _a311 p. ;
_c23 cm.
490 1 _aBiblioteca de jurisprudencia, filosofía e historia
600 0 4 _aCarlyle, Thomas,
_d1795-1881
_935316
600 1 4 _aEmerson, Ralph Waldo,
_d1803-1882
_947147
700 1 _aEmerson, Ralph Waldo,
_d1803-1882
_947147
700 1 _aTerán, Luis de,
_d1864-1935
_9109725
830 1 0 _aBiblioteca de jurisprudencia, filosofía e historia
_9180691
852 _aES-MaACL
_jF-14760
999 _c40988
_d40988